Statistics for Guess the food

Click here to take the quiz!

General Stats

  • This quiz has been taken 42 times
  • The average score is 3 of 5

Answer Stats

QuestionAnswer% Correct
Which food is a Garlic
100%
Which food is a Peach
80%
Which food is a Cake
51%
Which food is a Potato
37%
Which food is a Cevapi
26%

Score Distribution

Percentile by Number Answered

Percent of People with Each Score

Your Score History

You have not taken this quiz